=LDR 00000nam 2200000 4500 =001 INLIS000000000053546 =005 20181019035823 =035 ##$$a 0010-1018000161 =245 1#$$a Sejarah Bank Indonesia Periode IV: 1983 - 1997 : $b Bank Indonesia pada Masa Pembangunan Ekonomi dengan Pola Deregulasi /$c Bank Indonesia =100 #$$a Sejarah Bank Indonesia =250 ##$$a Ed. 1 =300 ##$$a 1058 hlm : $b Ilus ; $c 15,5x23,5 cm =260 ##$$a Jakarta :$b Bank Indonesia,$c 2006 =082 ##$$a 332.108 =084 ##$$a 332.108 SEJ s =020 ##$$a 979-8086-39-2 =650 ##$$a Bank, Perbankan, Sejarah